Представление документа в формате MARC21

ПолеНазваниеЗначение
  Тип записи a
  Библиографический уровень m
001 Контрольный номер RU\infra-m\znanium\bibl\2226609
005 Дата корректировки 20260429142111.1
008 Кодируемые данные 251103s2025 RU g rus u
020 Индекс ISBN __
a ISBN 978-5-9729-2405-9
040 Источник каталогиз. __
a Служба первич. каталог. Общество с ограниченной ответственностью «ЗНАНИУМ»
041 Код языка издания __
a Код языка текста rus
044 Код страны публикации __
a Код страны публикации RU
080 Индекс УДК __
a Индекс УДК 71
084 Индекс другой классификации/Индекс ББК __
2 Источник индекса rubbk
a Индекс другой классификации/Индекс ББК 8511
084 Индекс другой классификации/Индекс ББК __
2 Источник индекса okso
a Индекс другой классификации/Индекс ББК 07.03.04
084 Индекс другой классификации/Индекс ББК __
2 Источник индекса okso
a Индекс другой классификации/Индекс ББК 07.04.04
084 Индекс другой классификации/Индекс ББК __
2 Источник индекса okso
a Индекс другой классификации/Индекс ББК 08.03.01
084 Индекс другой классификации/Индекс ББК __
2 Источник индекса okso
a Индекс другой классификации/Индекс ББК 08.04.01
100 Автор __
a Автор Капский Д.В.
q Полное имя Капский Денис Васильевич
u Дополнение Белорусский национальный технический университет
245 Заглавие __
a Заглавие Устойчивые транспортные системы городов
b Продолж. заглавия Учебник
c Ответственность Белорусский национальный технический университет
250 Сведения об издании __
a Основные сведения об издании 1
260 Выходные данные __
a Место издания Вологда
b Издательство Инфра-Инженерия
c Дата издания 2025
300 Физическое описание __
a Объем 128 с.
520 Аннотация __
a Аннотация Представлены современные подходы и способы обеспечения устойчивого развития транспортных систем городов. Рассмотрены основные транспортные проблемы городов и пути их решения на основе принципов устойчивой мобильности населения городов. Представлены мероприятия по развитию инфраструктуры маршрутного пассажирского транспорта обеспечивающие повышение эффективности и привлекательности перевозок общественным транспортом. Рассматриваются актуальные направления развития инфраструктуры активных способов передвижений. Материалы сопровождаются примерами из практик обеспечения устойчивости транспортных систем городов. Для студентов высших учебных заведений обучающихся по транспортным градостроительным и дорожно-строительным специальностям и направлениям подготовки по программам бакалавриата специалитета и магистратуры.
521 Примеч. о цел. назн. __
a Примеч. о целев. назн. ВО - Бакалавриат
650 Тематические рубрики __
a Основная рубрика Транспорт
x Основная подрубрика Единая транспортная система
655 Указ. предметных рубрик (устаревшее) __
a Жанр/ форма (устаревшее) Учебник
700 Другие авторы __
a Другие авторы Лобашов А.О.
q Полное имя Лобашов Алексей Олегович
u Дополнение Белорусский национальный технический университет
700 Другие авторы __
a Другие авторы Семченков С.С.
q Полное имя Семченков Сергей Сергеевич
u Дополнение Белорусский национальный технический университет
700 Другие авторы __
a Другие авторы Ларин О.Н.
q Полное имя Ларин Олег Николаевич
700 Другие авторы __
a Другие авторы Пугачев И. Н.
q Полное имя Пугачев Игорь Николаевич
700 Другие авторы __
a Другие авторы Кот Е.Н.
q Полное имя Кот Евгений Николаевич
u Дополнение Белорусский национальный технический университет
700 Другие авторы __
a Другие авторы Богданович С.В.
q Полное имя Богданович Сергей Валерьевич
700 Другие авторы __
a Другие авторы Буртыль Ю.В.
q Полное имя Буртыль Юрий Валерьевич
u Дополнение Белорусский национальный технический университет
700 Другие авторы __
a Другие авторы Скирковский С.В.
q Полное имя Скирковский Сергей Владимирович
u Дополнение Белорусский национальный технический университет
856 Электронный адрес документа 4_
a Имя сервера/домена znanium.ru
m Помощь ebs_support@infra-m.ru
n Местонахождение сервера НИЦ ИНФРА-М
u URL https://znanium.ru/catalog/document?id=470044
856 Электронный адрес документа 48
a Имя сервера/домена znanium.ru
d Путь /cover/2226
f Электронное имя 2226609.jpg
q Тип электронного формата image/jpeg
u URL https://znanium.ru/cover/2226/2226609.jpg
911 __
u 0030=https://znanium.ru/catalog/document?id=470044